LEADER 01158nam a2200265 i 4500 001 000000164386 003 CaOOAMICUS 005 20240214115641.0 008 070913s1955 it u000 u ita u 013 $a141754 040 $aSeMil$bita 100 1 $aGide, André,$d<1869-1951>.$0(OLS)http://semarc/name/15461 245 10$aCorrespondance :$b1890-1942 /$cAndré Gide [e] Paul Valéry ; préface et notes par Robert Mallet. 260 $aParis :$bGallimard,$c1955. 300 $a558 p., [1] c. di tav. ;$c23 cm. 650 4$aValéry, Paul <1871-1945> - Lettere e carteggi.$0(OLS)http://semarc/subject/55084 650 4$aGide, André <1869-1951> - Lettere e carteggi.$0(OLS)http://semarc/subject/55083 700 1 $aMallet, Robert.$0(OLS)http://semarc/name/18251 700 1 $aValéry, Paul,$d<1871-1945>.$0(OLS)http://semarc/name/9047 850 $aSeMil 852 $aSeMil$W1$xVenegono$y1$m1T V 58$j246214$B115653$CSeMilBibl$Z2$F126536 $81 961 $aRecupero: Altro 996 $6245$aCorrespondance :$b1890-1942$9(OLS)http://semarc/title/234538 996 $6260$aParis :$bGallimard$9(OLS)http://semarc/publisher/29952 LEADER 01500nam a2200325 i 4500 001 000000122022 003 CaOOAMICUS 005 20211026102014.0 008 060421s2002 it u000 u ita u 013 $a94717 020 $a88-464-3966-X 040 $aSeMil$bita 100 1 $aPederzani, Ivana,$d<1951- >.$0(OLS)http://semarc/name/17421 245 13$aUn ministero per il culto :$bGiovanni Bovara e la riforma della Chiesa in età napoleonica /$cIvana Pederzani. 264 1$aMilano :$bFranco Angeli,$c2002. 300 $a349 p.; 23 cm. 490 1 $aTemi di storia 541 0 $aOmaggio card. Dionigi Tettamanzi (3O III 39) 600 14$aBovara, Giovanni .$0(OLS)http://semarc/subject/23110 650 4$aChiesa - Storia - Sec. 19.$0(OLS)http://semarc/subject/250 650 4$aNapoleone I : Bonaparte - Rapporti con la Chiesa.$0(OLS)http://semarc/subject/9173 830 0$aTemi di storia.$0(OLS)http://semarc/title/9967 850 $aSeMil 852 $aSeMil$W1$xVenegono$y1$m3O III 39$j77052$B77052$CSeMilBibl$Z2$F78640 $81 941 1 $a5 961 $aOmaggio: Tettamanzi Card. Dionigi 996 $6020$a88-464-3966-X$9(OLS)http://semarc/number/107685 996 $6245$aUn ministero per il culto :$bGiovanni Bovara e la riforma della Chiesa in età napoleonica$9(OLS)http://semarc/title/179771 996 $6264$aMilano :$bFranco Angeli$9(OLS)http://semarc/publisher/30369